Commercial law III Sem BBM (Record no. 215717)
[ view plain ]
| 000 -LEADER | |
|---|---|
| fixed length control field | 00514nam a2200205Ia 4500 |
| 003 - CONTROL NUMBER IDENTIFIER | |
| control field | OSt |
| 005 - DATE AND TIME OF LATEST TRANSACTION | |
| control field | 20220531114655.0 |
| 008 - FIXED-LENGTH DATA ELEMENTS--GENERAL INFORMATION | |
| fixed length control field | 210719s2015 xx 000 0 und d |
| 040 ## - CATALOGING SOURCE | |
| Transcribing agency | AL |
| 041 ## - LANGUAGE CODE | |
| Language code of text/sound track or separate title | eng |
| 082 ## - DEWEY DECIMAL CLASSIFICATION NUMBER | |
| Classification number | 346.07 RAMC |
| 100 ## - MAIN ENTRY--PERSONAL NAME | |
| Personal name | RAMAN (B S) |
| 9 (RLIN) | 39651 |
| 245 ## - TITLE STATEMENT | |
| Title | Commercial law III Sem BBM |
| 260 ## - PUBLICATION, DISTRIBUTION, ETC. | |
| Place of publication, distribution, etc. | Mangalore |
| Name of publisher, distributor, etc. | United Publishers |
| Date of publication, distribution, etc. | 2015 |
| 300 ## - PHYSICAL DESCRIPTION | |
| Extent | 276 |
| Other physical details | PB |
| 365 ## - TRADE PRICE | |
| Price amount | 140 |
| Currency code | Rs |
| 650 ## - SUBJECT ADDED ENTRY--TOPICAL TERM | |
| Topical term or geographic name entry element | Mercantile Law |
| 9 (RLIN) | 39652 |
| 906 ## - LOCAL DATA ELEMENT F, LDF (RLIN) | |
| a | BBM ; Commercial ; III ; law: ; Sem |
| 942 ## - ADDED ENTRY ELEMENTS (KOHA) | |
| Source of classification or shelving scheme | Dewey Decimal Classification |
| Koha item type | Book |
| Withdrawn status | Lost status | Damaged status | Not for loan | Collection code | Home library | Current library | Shelving location | Date acquired | Source of acquisition | Cost, normal purchase price | Total Checkouts | Full call number | Barcode | Date last seen | Price effective from | Koha item type | Date last checked out | Source of classification or shelving scheme |
|---|---|---|---|---|---|---|---|---|---|---|---|---|---|---|---|---|---|---|
| St Aloysius Library | St Aloysius Library | 02/17/2021 | United Traders, Kodialbail, Mangalore-3 | 130.00 | 346.07 RAMC | 069713 | 02/17/2021 | 02/17/2021 | Book | |||||||||
| St Aloysius Library | St Aloysius Library | 02/17/2021 | United Traders, Kodialbail, Mangalore-3 | 130.00 | 1 | 346.07 RAMC | 069712 | 01/13/2024 | 02/17/2021 | Book | 01/11/2024 | |||||||
| St Aloysius Library | St Aloysius Library | 02/17/2021 | United Traders, Kodialbail, Mangalore-3 | 130.00 | 346.07 RAMC | 069711 | 02/17/2021 | 02/17/2021 | Book | |||||||||
| St Aloysius Library | St Aloysius Library | 02/17/2021 | United Traders, Kodialbail, Mangalore-3 | 130.00 | 346.07 RAMC | 069710 | 02/17/2021 | 02/17/2021 | Book | |||||||||
| Reference Book | St Aloysius Library | St Aloysius Library | Reference Section | 02/17/2021 | United Traders, Kodialbail, Mangalore-3 | 130.00 | 346.07 RAMC | 069709 | 02/17/2021 | 02/17/2021 | Reference | Dewey Decimal Classification | ||||||
| St Aloysius Library | St Aloysius Library | 02/17/2021 | Biblios Book Point, Surathkal-575014 | 110.00 | 1 | 346.07 RAMC | 072488 | 10/10/2022 | 02/17/2021 | Book | 09/23/2022 | |||||||
| St Aloysius Library | St Aloysius Library | 02/17/2021 | Biblios Book Point, Surathkal-575014 | 110.00 | 346.07 RAMC | 072487 | 02/17/2021 | 02/17/2021 | Book | |||||||||
| St Aloysius Library | St Aloysius Library | 02/17/2021 | Biblios Book Point, Surathkal-575014 | 130.00 | 346.07 RAMC | 068788 | 02/17/2021 | 02/17/2021 | Book | |||||||||
| St Aloysius Library | St Aloysius Library | 02/17/2021 | Biblios Book Point, Surathkal-575014 | 130.00 | 346.07 RAMC | 068787 | 02/17/2021 | 02/17/2021 | Book | |||||||||
| St Aloysius Library | St Aloysius Library | 03/31/2017 | General Annual | 140.00 | 346.07 RAMC | D04351 | 07/19/2021 | 07/19/2021 | Donated Books |